000 00682nam a2200217 i 4500
001 188643
003 ES-MaACL
005 20260306063018.0
007 t|
008 190116s1967 sp ||||1| spa d
100 1 _aJarry, Alfred,
_d1873-1907
_966144
245 1 0 _aUbú, rey /
_cAlfred Jarry ; con textos de J. Corrales Egea y Roger Shattuck.
260 _aBarcelona :
_bAymá,
_c1967.
300 _a142 p., 1 lám. ;
_c19 cm.
490 1 _aVoz imagen. Teatro ;
_v13
700 1 _aCorrales Egea, José.
_940735
700 1 _aShattuck, Roger.
_9165986
830 1 0 _aVoz imagen.
_pTeatro
_v13
_9193124
852 _aES-MaACL
_jP-295-Ter-11
999 _c188643
_d188643